LEADER 02265oam 2200457M 450 001 9910715425003321 005 20191116082333.6 035 $a(CKB)5470000002511797 035 $a(OCoLC)1065572255 035 $a(OCoLC)995470000002511797 035 $a(EXLCZ)995470000002511797 100 $a20070221d1821 ua 0 101 0 $aeng 135 $aurcn||||||||| 181 $ctxt$2rdacontent 182 $cc$2rdamedia 183 $acr$2rdacarrier 200 10$aIn Senate of the United States, January 15, 1821. Mr. Thomas, from the Committee on Public Lands, to whom was referred the petition of a number of the inhabitants of the State of Indiana, praying that the right of pre-emption may be granted to Isaac M. Johnson, for the northeast quarter of section twenty-nine, in township seventeen north, of range ten east, for the purpose of erecting a mill thereon .. 210 1$a[Washington, D.C.] :$c[publisher not identified],$d1821. 215 $a1 online resource (1 page) 225 1 $aSenate document / 16th Congress, 2nd session. Senate ;$vno. 49 225 1 $a[United States congressional serial set ] ;$v[serial no. 43] 300 $aTitle from opening lines of text. 300 $aBatch processed record: Metadata reviewed, not verified. Some fields updated by batch processes. 300 $aFDLP item number not assigned. 606 $aLand tenure 606 $aPre-emption rights (United States) 608 $aLegislative materials.$2lcgft 615 0$aLand tenure. 615 0$aPre-emption rights (United States) 701 $aThomas$b Jesse Burgess$f1777-1853$pRepublican-Jeffersonian (IL)$01399334 801 0$bWYU 801 1$bWYU 801 2$bOCLCO 801 2$bOCLCQ 801 2$bOCLCO 801 2$bOCLCQ 906 $aBOOK 912 $a9910715425003321 996 $aIn Senate of the United States, January 15, 1821. Mr. Thomas, from the Committee on Public Lands, to whom was referred the petition of a number of the inhabitants of the State of Indiana, praying that the right of pre-emption may be granted to Isaac M. Johnson, for the northeast quarter of section twenty-nine, in township seventeen north, of range ten east, for the purpose of erecting a mill thereon .$93464348 997 $aUNINA